000 01218nam a22003857a 4500
001 BR8305717
003 BR-BrBNA
005 20230928091811.0
007 ta
008 230509b bl.||||| |||| 00| 0 por d
040 _aBR-BrBNA
_bpor
_cBiblioteca Nacional de Agricultura
041 _a(Por)
072 _aF01; F30; H20
_b0180
_b0336
_b0150
_b4120
_b3875
_b/G514
090 _ 0180 BR8305717
110 1 _aDelegacia Federal de Agricultura do Rio Grande do Sul, Porto Alegre (Brasil);
_93073
110 1 _aAssociacao Sulriograndense de Aplicadores Aeroagricolas, Passo Fundo, RS (Brasil)
111 1 _aEncontro Tecnico de Aviacao Agricola
_cPasso Fundo, RS (Brazil)
_d7-9 Jun 1983
245 1 _aEncontro Tecnico de Aviacao Agricola [Rio Grande do Sul, Brasil]
260 3 _aPasso Fundo, RS (Brasil):
_c1983.
300 _a156 p.
650 _aTRIGO
650 _aSOJA
650 _aARROZ
650 _aVARIEDADE
650 _aCALENDARIO AGRICOLA
650 _aDEFESA VEGETAL
650 _aFUNGO
650 _aFUNGICIDA
650 _aERVA DANINHA
650 _aHERBICIDA
650 _aMETODO DE APLICACAO
650 _aRIO GRANDE DO SUL
909 _a202309
_bLucia
_c55
_dLucia Elande
942 _cBK
999 _c35594
_d35594